Readings on the sociology of religion (Record no. 7443)

MARC details
000 -LEADER
fixed length control field 00543cam a2200181 4500
001 - CONTROL NUMBER
control field 4078116
003 - CONTROL NUMBER IDENTIFIER
control field NG-AbAUS
005 - DATE AND TIME OF LATEST TRANSACTION
control field 20230319005600.0
008 - FIXED-LENGTH DATA ELEMENTS--GENERAL INFORMATION
fixed length control field 730517s1973 njua b 000 0 eng
020 ## - INTERNATIONAL STANDARD BOOK NUMBER
International Standard Book Number 0137619405
040 ## - CATALOGING SOURCE
Original cataloging agency DLC
Transcribing agency DLC
Modifying agency DLC
082 00 - DEWEY DECIMAL CLASSIFICATION NUMBER
Classification number 301.5/8
100 1# - MAIN ENTRY--PERSONAL NAME
Personal name O'Dea, Thomas F.,
Relator term comp.
9 (RLIN) 476
245 10 - TITLE STATEMENT
Title Readings on the sociology of religion
Statement of responsibility, etc [compiled by] Thomas F. O'Dea [and] Janet K. O'Dea.
260 ## - PUBLICATION, DISTRIBUTION, ETC. (IMPRINT)
Place of publication, distribution, etc Englewood Cliffs, N.J.,
Name of publisher, distributor, etc Prentice-Hall
Date of publication, distribution, etc [1973]
300 ## - PHYSICAL DESCRIPTION
Extent xi, 244 p.
Other physical details illus.
Dimensions 23 cm.
942 ## - ADDED ENTRY ELEMENTS (KOHA)
Source of classification or shelving scheme Dewey Decimal Classification
Item type Book

No items available.